| 000 | 00915 a2200229 4500 | ||
|---|---|---|---|
| 005 | 20080924165631.0 | ||
| 008 | 080924t xxu||||| |||| 00| 0 eng d | ||
| 010 | _aENG-87859 | ||
| 020 |
_a818991538X _c680.00 |
||
| 035 | _aEN-71392 | ||
| 037 | _bD.B.Act / Pub | ||
| 082 | _a333.7 | ||
| 245 |
_aEnvironmental education _cedited by G. S. Bhalla and Hema Khanna |
||
| 260 |
_aNew Delhi _bRegal Publications _c2007 |
||
| 270 |
_aF-159, Rajouri Garden _bNew Delhi _e110 027 _k011-45546396 _mregalbookspub@yahoo.com |
||
| 300 |
_axviii, 259 p. _c23 cm. (Hb.) |
||
| 500 | _aIncludes bibliograpgical references and index | ||
| 700 | _aBhalla, G. S. | ||
| 700 | _aBhalla, Hema | ||
| 942 |
_adpl _cEN _k333.07 / ENV _2ddc _h333.07 _mENV |
||
| 999 |
_c7199 _d7199 |
||